000 01188nam a2200373 4500
003 EC-UNACH
005 20250515164052.0
006 s||||gr|||| 00| 00
008 150116t9999 mx r gr 000 0 spa d
020 _a9978510036
040 _aEC-UNACH
_cEC-UNACH
041 _aspa
082 0 4 _223
_a300
_bL017780
110 _aCentro Andino de Acción Popular (CAAP)
245 _aDiálogos. Regionalismos y democracia social en los orígenes del "CFP"
250 _aPrimera edición
264 _aQuito – Ecuador
_bCAAP
_c1994
300 _a94 páginas
_bTexto
_c14,5 X 21 cm
505 _aPresentación -- Regionalismos y democracia social en los orígenes del "CFP" -- Comentarios
650 _aPOPULISMO
650 _aLIBERALISMO ECUATORIANO
650 _aESTADO SOCIAL
650 _aESTADO LIBERAL
700 _aGuerrero Burgos, Rafael
700 _ade la Torre, Carlos
700 _aIbarra, Hernán
700 _ade la Torre, Patricia
700 _aSánchez-Parga, José
942 _2ddc
_c1
999 _c13577